000 00839cam a22002533a 4500
001 950
003 PGUSA
005 20140828082955.0
008 970601s1997||||xxu|||||s|||||000 1 eng d
040 _aPGUSA
_beng
042 _adc
050 4 _aPZ
100 1 _aAppleton, Victor
245 1 0 _aTom Swift and His Electric Runabout; Or, The Speediest Car on the Road
_h[electronic resource] /
_cVictor Appleton
260 _bProject Gutenberg,
_c1997
500 _a05tom11l.lit and 05tom11l.zip files are in MicroSoft Open Book Format.
506 _aPublic domain in the USA.
516 _aElectronic text
653 _aSwift, Tom (Fictitious character) -- Juvenile fiction
653 _aElectric automobiles -- Juvenile fiction
830 0 _aProject Gutenberg
_v950
856 4 0 _uhttp://www.gutenberg.org/ebooks/950
942 _cEB
999 _c230301
_d230301